000 00329nam a2200133Ia 4500
008 260604s9999 xx 000 0 und d
020 _a9781319545093
082 _a519 NOL
100 _aSUSAN NOLAN
_935165
245 0 _aSTATISTICS FOR THE BEHAVIORAL SCIENCES
260 _bFREEMAN
500 _aStatistics, Science
942 _cBK
999 _c7925
_d7925